01055nam a22002657a 45000010005000000030006000050050017000110080041000280200018000690400029000870500017001160820012001331000023001452450084001682500034002522600037002863000064003234900023003875050008004105200263004185210020006815210020007016500037007217000031007587768FISKH20250805105843.0250805b cb ||||| |||| 00| 0 eng d a9780545142335 aFISKHbengcFISKHdFISKH aE185.K5 B377 a323.092 aBauer, Marion Dane aMartin Lutcher, King, Jr. /cby Marion Dane Bauer : Illustrated by Jamie Smith  aFirst printing, December 2009 aNew York : bScholastic, c2009. a32 unnumbered pages : bcolor illustrations ;c21 X 21 cm . aMy First Biography aJ  aDr. Martin Luther King Jr. was a great man. His words changed the way people thought, and his actions spurred them on to change the world. With simple, lyrical text and bold, kid-friendly illustrations, this book introduces Dr. King to the youngest readers. 8 a490 bLexile 8 aJ bRaz-Plus  aBlack History MonthvNon-fiction aSmith, JamieeIllustrator